| 000 | 00906nam a22002897a 4500 | ||
|---|---|---|---|
| 001 | BR7303021 | ||
| 003 | BR-BrBNA | ||
| 005 | 20230928083944.0 | ||
| 007 | ta | ||
| 008 | 230509b bl.||||| |||| 00| 0 por d | ||
| 040 |
_aBR-BrBNA _bpor _cBiblioteca Nacional de Agricultura |
||
| 041 | _a(Por) | ||
| 072 |
_aD50; E70 _b2110 _b/G514 |
||
| 090 | _ 2110 BR7303021 | ||
| 110 | 1 |
_aBolsa de Mercadorias da Bahia, Salvador (Brasil) _91274 |
|
| 245 | 1 | _aRegulamento para a inspecao e classificacao de cacau para negocios a termo na bolsa de mercadorias da Bahia [Brasil] | |
| 260 | 3 |
_aSalvador, BA (Brasil): _c1933. |
|
| 300 | _a25 p. | ||
| 500 | _a(*) Documento disponível no(a) CEPLAC, Ilheus, BA (Brazil) | ||
| 650 | _aLEGISLACAO | ||
| 650 | _aCOMERCIALIZACAO | ||
| 650 | _aCACAU | ||
| 650 | _aCLASSIFICACAO DE PRODUTO | ||
| 650 | _aBAHIA | ||
| 909 |
_a202309 _bLucia _c55 _dLucia Elande |
||
| 942 | _cBK | ||
| 999 |
_c16000 _d16000 |
||